| 000 | 00482cam a2200193ua 4500 | ||
|---|---|---|---|
| 001 | 1793 | ||
| 008 | 140510n ii |||gr||||Z||||||eng | ||
| 020 | _a81-7041-546-5 | ||
| 040 | _cMAIN | ||
| 082 | _a370.7 | ||
| 100 |
_aChadda, D. K., _d1992, |
||
| 245 |
_aDimensions of teacher education _cby D. K. Chadda |
||
| 250 | _a1st. | ||
| 260 |
_aNew delhi: _bAnmol publication.,992. |
||
| 300 |
_aiv; 127p: _c23cm. |
||
| 653 | _aEducation | ||
| 653 | _aTeacher education | ||
| 942 | _cBK | ||
| 999 |
_c1677 _d1677 |
||